| 000 | 00654nam a2200217 i 4500 | ||
|---|---|---|---|
| 001 | 106841 | ||
| 003 | ES-MaACL | ||
| 005 | 20230906184303.0 | ||
| 007 | t| | ||
| 008 | 070104s1925 fr ||||1| fre d | ||
| 080 | _a811.14(075.8) | ||
| 100 | 1 |
_aBréal, Michel. _931536 |
|
| 245 | 1 | 4 |
_aLes mots grecs groupés d'aprés la forme et le sens / _cpar Michel Bréal et Anatole Bailly. |
| 250 | _a20em. ed. | ||
| 260 |
_aParis : _bHachette, _c[1925] |
||
| 300 |
_a96 p. ; _c18 cm. |
||
| 500 | _aBiblioteca Jacinto Martínez Lacalle. | ||
| 650 | 4 |
_aLengua griega. _914240 |
|
| 700 | 1 |
_aBailly, Anatole. _924712 |
|
| 852 |
_aES-MaACL _jE-11489 _bR.139531 |
||
| 999 |
_c106841 _d106841 |
||